ROSS & WILSON ANATOMY & PHYSIOLOGY IN HEALTH AND ILLNESS (Record no. 2192)

MARC details
000 -LEADER
fixed length control field 00368nam a2200145Ia 4500
008 - FIXED-LENGTH DATA ELEMENTS--GENERAL INFORMATION
fixed length control field 150201s2012 xx 000 0 und d
082 ## - DEWEY DECIMAL CLASSIFICATION NUMBER
Classification number 611
Item number R12W
100 ## - MAIN ENTRY--PERSONAL NAME
Personal name WAUGH, ANNE
245 ## - TITLE STATEMENT
Title ROSS & WILSON ANATOMY & PHYSIOLOGY IN HEALTH AND ILLNESS
250 ## - EDITION STATEMENT
Edition statement 11TH
260 ## - PUBLICATION, DISTRIBUTION, ETC. (IMPRINT)
Name of publisher, distributor, etc. ELSEVIER
Place of publication, distribution, etc. EDINBURGH
Date of publication, distribution, etc. 2012
300 ## - PHYSICAL DESCRIPTION
Extent 495
650 ## - SUBJECT ADDED ENTRY--TOPICAL TERM
Topical term or geographic name as entry element ANATOMY
942 ## - ADDED ENTRY ELEMENTS (KOHA)
Source of classification or shelving scheme Dewey Decimal Classification
Koha item type Books
Koha issues (borrowed), all copies 85
Holdings
Withdrawn status Lost status Source of classification or shelving scheme Damaged status Not for loan Collection code Home library Current library Shelving location Date acquired Source of acquisition Cost, normal purchase price SGTU Bill Number Total Checkouts Total Renewals Full call number Barcode Date last seen Date last checked out Bill Date Koha item type
    Dewey Decimal Classification     NURSING SGT Medical Library SGT Medical Library Text Book 04/12/2014 ABC DELHI 11.99 SGTU 4559 30 2 611 R12W FN1496 15/12/2025 02/12/2025 04/12/2014 Books
    Dewey Decimal Classification     NURSING SGT Medical Library SGT Medical Library Text Book 04/12/2014 ABC DELHI 11.99 SGTU 4559 49   611 R12W FN1497 09/01/2026 24/12/2025 04/12/2014 Books
    Dewey Decimal Classification     NURSING SGT Medical Library SGT Medical Library Text Book 04/12/2014 ABC DELHI 11.99 SGTU 4559 38   611 R12W FN1498 19/01/2026 25/12/2025 04/12/2014 Books
    Dewey Decimal Classification     NURSING SGT Medical Library SGT Medical Library Text Book 04/12/2014 ABC DELHI 11.99 SGTU 4559 24   611 R12W FN1499 15/12/2025 03/12/2025 04/12/2014 Books
    Dewey Decimal Classification     NURSING SGT Medical Library SGT Medical Library Text Book 04/12/2014 ABC DELHI 11.99 SGTU 4559 22   611 R12W FN1500 03/02/2024 23/01/2024 04/12/2014 Books